000 00808nam a2200253 i 4500
003 OSt
005 20250325094419.0
008 250325s my gr 000 f may d
020 _a9789670567273
_cHadiah
_qpaperback
040 _aPPAK
_beng
_cPPAK
_erda
082 0 4 _223
_a899.2333
090 0 0 _a899.2333
_bBUN
_dG
100 0 _aBunga Amani,
_eauthor.
245 1 0 _aSetanggi Cinta Umairah /
_cBunga Amani ; Editor: Jabatan Editorial P2u
264 1 _aSelangor :
_bPenulisan Enterprise,
_c2014
300 _aiii, 870 pages ;
_c19 cm
336 _atext
_2rdacontent
337 _aunmediated
_2rdamedia
338 _avolume
_2rdacarrier
650 1 0 _aMalay fiction
650 2 0 _aMalaysian fiction (Malay)
710 2 _aJabatan Editorial P2u,
_eeditor.
942 _2ddc
_cB
999 _c199319
_d199319